Xã hội Việt Nam Khảo luận
Nội dung gồm 2 phần. Ph.1: Việt Nam tiến hóa sử; Ph.2: Xã hội Việt Nam
সংরক্ষণ করুন:
| প্রধান লেখক: | |
|---|---|
| বিন্যাস: | গ্রন্থ |
| ভাষা: | Undetermined |
| প্রকাশিত: |
H.
Hội Nhà văn
2018
|
| বিষয়গুলি: | |
| অনলাইন ব্যবহার করুন: | http://lrc.tdmu.edu.vn/opac/search/detail.asp?aID=2&ID=37892 |
| ট্যাগগুলো: |
ট্যাগ যুক্ত করুন
কোনো ট্যাগ নেই, প্রথমজন হিসাবে ট্যাগ করুন!
|
| Thư viện lưu trữ: | Trung tâm Học liệu Trường Đại học Thủ Dầu Một |
|---|
| LEADER | 00756nam a2200217Ia 4500 | ||
|---|---|---|---|
| 001 | TDMU_37892 | ||
| 008 | 210410s9999 xx 000 0 und d | ||
| 082 | |a NULL | ||
| 090 | |b L561 | ||
| 100 | |a Lương, Đức Thiệp | ||
| 245 | 0 | |a Xã hội Việt Nam | |
| 245 | 0 | |b Khảo luận | |
| 245 | 0 | |c Lương Đức Thiệp | |
| 260 | |a H. | ||
| 260 | |b Hội Nhà văn | ||
| 260 | |c 2018 | ||
| 300 | |a 308tr. | ||
| 520 | |a Nội dung gồm 2 phần. Ph.1: Việt Nam tiến hóa sử; Ph.2: Xã hội Việt Nam | ||
| 650 | |a Xã hội Việt Nam |x Lịch sử | ||
| 856 | |u http://lrc.tdmu.edu.vn/opac/search/detail.asp?aID=2&ID=37892 | ||
| 980 | |a Trung tâm Học liệu Trường Đại học Thủ Dầu Một | ||